From purdah to parliament / (Record no. 134247)

MARC details
000 -LEADER
fixed length control field 00678nam a22002297a 4500
003 - CONTROL NUMBER IDENTIFIER
control field dpl
005 - DATE AND TIME OF LATEST TRANSACTION
control field 20180522163206.0
008 - FIXED-LENGTH DATA ELEMENTS--GENERAL INFORMATION
fixed length control field 180522b xxu||||| |||| 00| 0 eng d
010 ## - LIBRARY OF CONGRESS CONTROL NUMBER
LC control number B-100032
020 ## - INTERNATIONAL STANDARD BOOK NUMBER
Terms of availability 395.00
035 ## - SYSTEM CONTROL NUMBER
System control number B-100032, B-100034
037 ## - SOURCE OF ACQUISITION
Source of stock number/acquisition Cen Lib/Ret
040 ## - CATALOGING SOURCE
Original cataloging agency DPL
Language of cataloging EN
Transcribing agency 0
082 ## - DEWEY DECIMAL CLASSIFICATION NUMBER
Classification number 921
Item number BEG
100 ## - MAIN ENTRY--PERSONAL NAME
Personal name Begam Aizaz Rasul
9 (RLIN) 40198
245 ## - TITLE STATEMENT
Title From purdah to parliament /
Statement of responsibility, etc by Begam Aizaz Rasul
260 ## - PUBLICATION, DISTRIBUTION, ETC. (IMPRINT)
Place of publication, distribution, etc Delhi
Name of publisher, distributor, etc Ajanta books international
Date of publication, distribution, etc 2001
270 ## - ADDRESS
City Delhi
Address 1 UB Jawahar Nagar, Bunglow road
Postal code 110007
300 ## - PHYSICAL DESCRIPTION
Extent xviii,236p.:
Dimensions 23cm(Hb)
Other physical details ill.
650 ## - SUBJECT ADDED ENTRY--TOPICAL TERM
Topical term or geographic name as entry element Biography
9 (RLIN) 7490
942 ## - ADDED ENTRY ELEMENTS (KOHA)
Source of classification or shelving scheme Dewey Decimal Classification
Koha item type English Books
Classification part 921
Call number suffix BEG
Holdings
Withdrawn status Lost status Damaged status Not for loan Collection code Home library Current library Date acquired Source of acquisition Cost, normal purchase price Total Checkouts Full call number Barcode Date last seen Copy number Cost, replacement price Price effective from Koha item type Source of classification or shelving scheme
      Not For Loan Reference Central Library Central Library 29/07/2015 Cen Lib/Ret 395.00   921 BEG B-100032 29/07/2015 1 395.00 29/07/2015 English Books  
        Non-fiction Shahdara Branch Shahdara Branch 22/05/2018 BPPD/PUB 395.00   921 BEG B-100034 22/05/2018   395.00 22/05/2018 English Books Dewey Decimal Classification

© Delhi Public Library
Hit Counter
free hit counter